[Event "SV Erkenschwick 1 - SG Niederkassel 1"]
[Site "NRW-Klasse. Gruppe 1 2017/201"]
[Date "2018.01.28"]
[Round "5.6"]
[White "Eggenstein, Frank"]
[Black "Broehl, Stephan"]
[Result "0-1"]
[WhiteElo "1973"]
[BlackElo "2101"]
[PlyCount "92"]
[EventDate "2018.??.??"]
[WhiteTeam "SV Erkenschwick 1"]
[BlackTeam "SG Niederkassel 1"]

1. e4 c6 2. d4 d5 3. exd5 cxd5 4. Bd3 Nc6 5. c3 Nf6 6. Ne2 Bg4 7. O-O e6 8. f3
Bh5 9. Nf4 Bg6 10. Nxg6 hxg6 11. Qe2 Bd6 12. g3 Qc7 13. f4 a6 14. Kg2 Ne7 15.
Nd2 Nf5 16. Nf3 O-O-O 17. Bd2 Kb8 18. a4 Rh6 19. b4 Rdh8 20. Rh1 Ng4 21. h3 Nf6
22. h4 Nxg3 23. Kxg3 Nh5+ 24. Kf2 Bxf4 25. Bxf4 Nxf4 26. Qe3 g5 27. Bf1 g4 28.
Ne5 g5 29. Nxg4 Rxh4 30. Rxh4 Rxh4 31. Ne5 f6 32. Nf3 Rh1 33. Rc1 g4 34. Ne1 e5
35. Bg2 Rh2 36. Kf1 Nxg2 37. Nxg2 Rh1+ 38. Ke2 Qc4+ 39. Kd2 Rh2 40. Qg3 Rh3 41.
Qxg4 Qd3+ 42. Ke1 Rh1+ 43. Kf2 Rxc1 44. Qg8+ Ka7 45. Ne3 Qd2+ 46. Kf3 e4+ 0-1

[Event "SV Erkenschwick 1 - SG Niederkassel 1"]
[Site "NRW-Klasse. Gruppe 1 2017/201"]
[Date "2018.01.28"]
[Round "5.7"]
[White "Freundlieb, Thomas"]
[Black "Strozewski, Frank"]
[Result "1/2-1/2"]
[WhiteElo "2010"]
[BlackElo "1960"]
[Annotator "Daniel"]
[PlyCount "97"]
[EventDate "2018.??.??"]
[WhiteTeam "SG Niederkassel 1"]
[BlackTeam "SV Erkenschwick 1"]

1. d4 d6 2. g3 g6 3. Bg2 Bg7 4. Nf3 Nc6 5. d5 Nb4 6. a3 Na6 7. O-O Nf6 8. Nc3
O-O 9. e4 Nc5 10. Re1 e5 11. dxe6 Bxe6 12. h3 Rb8 13. Nd4 Bd7 14. Nd5 Nxd5 15.
exd5 Qf6 16. Be3 Rbe8 17. c3 Qd8 18. Qc2 Qc8 19. b4 Na4 20. Kh2 Nb6 21. c4 c5
22. dxc6 bxc6 23. Rac1 d5 24. cxd5 cxd5 25. Qd3 Qd8 26. Rc5 Qf6 27. Rec1 Rc8
28. Rxc8 Rxc8 29. Rxc8+ Bxc8 30. Qc2 Be6 31. Qc7 h5 32. Nxe6 Qxe6 33. Qd8+ Kh7
34. Bxb6 Qxb6 $11 35. Qxb6 axb6 36. Bxd5 Bd4 37. Bxf7 Bxf2 38. a4 Be1 39. b5
Kg7 40. Be8 Kf6 41. Kg2 Bb4 42. Kf3 Be1 43. g4 hxg4+ 44. hxg4 g5 45. Ke4 Bc3
46. Kd5 Ba5 47. Bd7 Bb4 48. Bf5 Ba5 49. Bd7 1/2-1/2

[Event "SV Erkenschwick 1 - SG Niederkassel 1"]
[Site "NRW-Klasse. Gruppe 1 2017/201"]
[Date "2018.01.28"]
[Round "5.8"]
[White "Jungbluth, Rolf"]
[Black "Konzen, Horst"]
[Result "1-0"]
[WhiteElo "1869"]
[BlackElo "1956"]
[PlyCount "127"]
[EventDate "2018.??.??"]
[WhiteTeam "SV Erkenschwick 1"]
[BlackTeam "SG Niederkassel 1"]

1. c4 e5 2. Nc3 d6 3. g3 g6 4. Bg2 Bg7 5. d3 f5 6. e3 Nf6 7. Nge2 c6 8. O-O O-O
9. d4 Qe7 10. b3 a5 11. Bb2 Na6 12. Qd2 Rb8 13. Rad1 e4 14. d5 c5 15. Nb5 b6
16. Nf4 Ne8 17. h4 Rb7 18. Rfe1 Nac7 19. Nxc7 Rxc7 20. Bf1 Bxb2 21. Qxb2 Qg7
22. Rd2 Qxb2 23. Rxb2 Kf7 24. a3 h6 25. b4 axb4 26. axb4 g5 27. Ng2 Nf6 28. Ra1
Ng4 29. bxc5 bxc5 30. Be2 Ne5 31. Rb6 Ke7 32. Ra8 Rb7 33. Rxb7+ Bxb7 34. Ra7
Rb8 35. Ne1 Kd8 36. f4 gxf4 37. exf4 Ng6 38. h5 Ne7 39. g4 fxg4 40. Bxg4 Kc7
41. Be6 Rf8 42. Ng2 Nf5 43. Kf2 Kb6 44. Ra1 Ba6 45. Ne3 Nxe3 46. Kxe3 Bxc4 47.
Kxe4 Be2 48. Rb1+ Kc7 49. f5 c4 50. Kd4 Bxh5 51. Kxc4 Be2+ 52. Kd4 h5 53. Rc1+
Kd8 54. Ke3 Bb5 55. Kf4 Be8 56. Kg5 Bd7 57. f6 h4 58. Ra1 Bxe6 59. dxe6 Rg8+
60. Kxh4 Kc7 61. f7 Rh8+ 62. Kg5 Rh2 63. f8=Q Rg2+ 64. Kh4 1-0

[Event "SF Lieme 1 - SK Königsspringer Iserlohn"]
[Site "NRW-Klasse. Gruppe 1 2017/201"]
[Date "2018.01.28"]
[Round "5.1"]
[White "Scheider, Julian"]
[Black "Niermann, Tristan"]
[Result "1/2-1/2"]
[WhiteElo "2306"]
[BlackElo "2178"]
[PlyCount "186"]
[EventDate "2018.??.??"]
[WhiteTeam "SK Königsspringer Iserlohn 1"]
[BlackTeam "SF Lieme 1"]

1. e4 e5 2. Nf3 Nc6 3. d4 exd4 4. Nxd4 Nf6 5. Nxc6 bxc6 6. e5 Qe7 7. Qe2 Nd5 8.
c4 Nb6 9. Nc3 Bb7 10. Bd2 g6 11. Ne4 O-O-O 12. a4 Ba6 13. Qe3 Qxe5 14. Bc3 Bb4
15. Bxb4 Rhe8 16. O-O-O Qxe4 17. Qxe4 Rxe4 18. f3 Re6 19. b3 d6 20. h4 h5 21.
g4 c5 22. Bd2 Bb7 23. gxh5 Bxf3 24. hxg6 Rxg6 25. Bd3 Rgg8 26. Rhf1 Bxd1 27.
Kxd1 Nd7 28. Bf5 Kb8 29. h5 Ne5 30. h6 Rg2 31. Be4 Rh2 32. h7 Rh8 33. Bf4 Rh4
34. Bxe5 dxe5 35. Bf5 c6 36. Ke2 Kc7 37. Rd1 R4xh7 38. Bxh7 Rxh7 39. Rf1 Kb6
40. Rf6 Rh3 41. Rxf7 Rxb3 42. Re7 Rc3 43. Rxe5 Rxc4 44. Kd3 Rxa4 45. Re7 Rh4
46. Kc3 a5 47. Re8 c4 48. Re5 a4 49. Kb4 c3+ 50. Kxc3 Rh7 51. Kb4 Ra7 52. Ka3
c5 53. Re1 Kb5 54. Rb1+ Kc6 55. Rc1 Ra5 56. Rd1 Kb5 57. Rb1+ Kc4 58. Rc1+ Kd3
59. Rd1+ Kc2 60. Rd5 Kc3 61. Rh5 Kc4 62. Rh1 Ra7 63. Rc1+ Kd5 64. Rd1+ Kc6 65.
Rc1 Ra8 66. Rh1 Kb5 67. Rb1+ Ka5 68. Rc1 Kb6 69. Rb1+ Kc6 70. Rc1 Ra5 71. Rh1
Kd5 72. Rd1+ Ke4 73. Re1+ Kd4 74. Rd1+ Kc3 75. Rd5 Rb5 76. Kxa4 Rb4+ 77. Ka3
Rb3+ 78. Ka2 Rb2+ 79. Ka3 c4 80. Rh5 Rd2 81. Rh4 Rd8 82. Rh3+ Rd3 83. Rh2 Rd4
84. Rg2 Re4 85. Rg3+ Kc2 86. Rg2+ Kd3 87. Kb2 Re3 88. Rh2 Rg3 89. Rc2 Rg8 90.
Rc3+ Kd4 91. Rh3 Rg2+ 92. Kc1 c3 93. Rh8 Rg1+ 1/2-1/2

[Event "SF Lieme 1 - SK Königsspringer Iserlohn"]
[Site "NRW-Klasse. Gruppe 1 2017/201"]
[Date "2018.01.28"]
[Round "5.2"]
[White "Wittke, Rene"]
[Black "Eckardt, Joshua"]
[Result "1/2-1/2"]
[WhiteElo "2215"]
[BlackElo "2225"]
[PlyCount "39"]
[EventDate "2018.??.??"]
[WhiteTeam "SF Lieme 1"]
[BlackTeam "SK Königsspringer Iserlohn 1"]

1. d4 Nf6 2. Nf3 g6 3. Bf4 Bg7 4. e3 O-O 5. Be2 d6 6. h3 c5 7. c3 b6 8. O-O Bb7
9. Nbd2 Nbd7 10. Bh2 a6 11. a4 Ra7 12. Qb3 Qa8 13. Rfe1 Bd5 14. Qa3 Ne4 15. Bf1
Ndf6 16. Nc4 Qb7 17. b4 cxd4 18. cxd4 Raa8 19. Rac1 Rfc8 20. Qd3 1/2-1/2

[Event "SF Lieme 1 - SK Königsspringer Iserlohn"]
[Site "NRW-Klasse. Gruppe 1 2017/201"]
[Date "2018.01.28"]
[Round "5.3"]
[White "Schmitz, Philipp"]
[Black "Essing, Arnold"]
[Result "1/2-1/2"]
[WhiteElo "2159"]
[BlackElo "2190"]
[PlyCount "34"]
[EventDate "2018.??.??"]
[WhiteTeam "SK Königsspringer Iserlohn 1"]
[BlackTeam "SF Lieme 1"]

1. e4 c5 2. Nc3 d6 3. f4 Nc6 4. Bb5 e6 5. Bxc6+ bxc6 6. d3 d5 7. Nf3 Nf6 8. O-O
Be7 9. e5 Nd7 10. Ne2 Qc7 11. Qe1 Ba6 12. Qg3 g6 13. Nd2 O-O-O 14. b3 c4 15.
bxc4 dxc4 16. Nxc4 Bxc4 17. dxc4 Qa5 1/2-1/2

[Event "SF Lieme 1 - SK Königsspringer Iserlohn"]
[Site "NRW-Klasse. Gruppe 1 2017/201"]
[Date "2018.01.28"]
[Round "5.4"]
[White "Wolf, Andre"]
[Black "Kramps, Rene"]
[Result "1/2-1/2"]
[WhiteElo "2160"]
[BlackElo "2036"]
[PlyCount "29"]
[EventDate "2018.??.??"]
[WhiteTeam "SF Lieme 1"]
[BlackTeam "SK Königsspringer Iserlohn 1"]

1. e4 g6 2. d4 Bg7 3. Nf3 d6 4. Bc4 e6 5. Bb3 h6 6. Nc3 Ne7 7. Be3 Nd7 8. a4 a6
9. O-O O-O 10. Qd2 Kh7 11. Rad1 b6 12. Ne2 Bb7 13. Ng3 Nf6 14. Qd3 Qe8 15. c3
1/2-1/2

[Event "SF Lieme 1 - SK Königsspringer Iserlohn"]
[Site "NRW-Klasse. Gruppe 1 2017/201"]
[Date "2018.01.28"]
[Round "5.5"]
[White "Messarius, Juergen"]
[Black "Himpenmacher, Andy"]
[Result "1/2-1/2"]
[WhiteElo "2146"]
[BlackElo "2163"]
[PlyCount "81"]
[EventDate "2018.??.??"]
[WhiteTeam "SK Königsspringer Iserlohn 1"]
[BlackTeam "SF Lieme 1"]

1. e4 c6 2. d4 d5 3. e5 c5 4. dxc5 Nc6 5. Bb5 e6 6. Be3 Nge7 7. c3 Nf5 8. Bd4
Bd7 9. Bxc6 Bxc6 10. Nf3 Qc7 11. O-O Bb5 12. Re1 Bxc5 13. Nbd2 Nxd4 14. Nxd4
Qb6 15. Qg4 g6 16. Nxb5 Qxb5 17. Nb3 Be7 18. Nd4 Qxb2 19. Rab1 Qa3 20. Rxb7 O-O
21. Reb1 Rac8 22. Qd1 Bc5 23. R7b3 Qa5 24. h4 Bxd4 25. cxd4 Qxa2 26. R3b2 Qc4
27. h5 f5 28. Qd2 f4 29. Rb7 Rc7 30. hxg6 hxg6 31. Qd1 Rf5 32. Rxc7 Qxc7 33.
Rc1 Qe7 34. Rc6 Kg7 35. Qa1 f3 36. g3 Rf7 37. Qa6 Qb4 38. Rxe6 Qe1+ 39. Qf1 Qd2
40. Qb1 Rf5 41. Re7+ 1/2-1/2

[Event "SF Lieme 1 - SK Königsspringer Iserlohn"]
[Site "NRW-Klasse. Gruppe 1 2017/201"]
[Date "2018.01.28"]
[Round "5.6"]
[White "Schaffarczyk, Andre"]
[Black "Meinecke, Gerd"]
[Result "1-0"]
[WhiteElo "2090"]
[BlackElo "1994"]
[Annotator "Daniel"]
[PlyCount "67"]
[EventDate "2018.??.??"]
[WhiteTeam "SF Lieme 1"]
[BlackTeam "SK Königsspringer Iserlohn 1"]

1. e4 c6 2. d4 d5 3. Nc3 dxe4 4. Nxe4 Bf5 5. Ng3 Bg6 6. Nf3 Nd7 7. h4 h6 8. h5
Bh7 9. Bd3 Ngf6 10. Bxh7 Nxh7 11. Bf4 e6 12. Qe2 Be7 13. O-O-O Ng5 14. Ne5 Nh7
15. Kb1 O-O 16. Ne4 Nhf6 17. g4 Nxe4 18. Qxe4 Nb6 19. c4 Bf6 20. Bc1 Qe7 $11
21. f4 Rad8 22. Nf3 Qd7 23. g5 hxg5 24. fxg5 Be7 25. Ne5 Qe8 26. g6 f5 27. Qf4
Bf6 28. h6 Qe7 29. hxg7 Bxg7 30. Rh7 Qf6 31. Qh2 Rfe8 32. Bg5 Rxd4 33. Bxf6
Rxd1+ 34. Kc2 1-0

[Event "SF Lieme 1 - SK Königsspringer Iserlohn"]
[Site "NRW-Klasse. Gruppe 1 2017/201"]
[Date "2018.01.28"]
[Round "5.7"]
[White "Lamek, Dirk"]
[Black "Stork, Holger"]
[Result "1/2-1/2"]
[WhiteElo "1852"]
[BlackElo "2095"]
[PlyCount "35"]
[EventDate "2018.??.??"]
[WhiteTeam "SK Königsspringer Iserlohn 1"]
[BlackTeam "SF Lieme 1"]

1. e4 c5 2. Nc3 Nc6 3. g3 g6 4. Bg2 Bg7 5. Nge2 d6 6. h3 e5 7. Nd5 Nge7 8. Nec3
Nxd5 9. Nxd5 Ne7 10. Nxe7 Qxe7 11. d3 Be6 12. Be3 O-O 13. Qd2 Rad8 14. Bh6 d5
15. Bxg7 Kxg7 16. exd5 Bxd5 17. Bxd5 Rxd5 18. O-O-O 1/2-1/2

[Event "SF Lieme 1 - SK Königsspringer Iserlohn"]
[Site "NRW-Klasse. Gruppe 1 2017/201"]
[Date "2018.01.28"]
[Round "5.8"]
[White "Bundesmann, Joerg"]
[Black "Marchenko, Dimitrij"]
[Result "1-0"]
[WhiteElo "2048"]
[BlackElo "1613"]
[PlyCount "57"]
[EventDate "2018.??.??"]
[WhiteTeam "SF Lieme 1"]
[BlackTeam "SK Königsspringer Iserlohn 1"]

1. d4 e6 2. c4 d5 3. Nc3 Be7 4. Bf4 Nf6 5. e3 O-O 6. Nf3 c5 7. Be2 Nc6 8. O-O
cxd4 9. Nxd4 dxc4 10. Nxc6 bxc6 11. Bxc4 Nd5 12. Be5 Bf6 13. Bxf6 Qxf6 14. Rc1
Rb8 15. Qe2 Rd8 16. Rfd1 Nxc3 17. Rxd8+ Qxd8 18. Rxc3 Qa5 19. h3 c5 20. Qc2 Qb4
21. b3 Bb7 22. Bd3 g6 23. Rxc5 Qe1+ 24. Kh2 Rd8 25. Rc3 Rd5 26. Rc7 Qb4 27. f4
g5 28. Bxh7+ Kg7 29. Qg6+ 1-0

[Event "SF Brackel 1 - SK Königsspringer Iserlo"]
[Site "NRW-Klasse. Gruppe 1 2017/201"]
[Date "2018.02.18"]
[Round "6.2"]
[White "Fluechter, Gregor"]
[Black "Eckardt, Joshua"]
[Result "0-1"]
[WhiteElo "2144"]
[BlackElo "2225"]
[Annotator "Daniel"]
[PlyCount "86"]
[EventDate "2018.??.??"]
[WhiteTeam "SF Brackel 1"]
[BlackTeam "SK Königsspringer Iserlohn 1"]

1. e4 e6 2. d4 d5 3. exd5 exd5 4. Nf3 Bd6 5. c4 Nf6 6. Nc3 O-O 7. Bd3 dxc4 8.
Bxc4 Nc6 9. O-O h6 10. h3 Bf5 11. a3 Qd7 12. Re1 Rfe8 13. Be3 a6 14. d5 Ne5 15.
Nxe5 Rxe5 16. Qd2 Rae8 17. Bd4 Ne4 18. Nxe4 Rxe4 19. Rxe4 Rxe4 20. Qc3 f6 21.
Re1 Qe7 22. Be3 Qe5 23. Qxe5 Rxe5 24. Rd1 $11 Kf8 25. Kf1 Ke8 26. Bf4 Re7 27.
Bxd6 cxd6 28. Re1 b5 29. Rxe7+ Kxe7 30. Bb3 Bd3+ 31. Ke1 g5 32. g3 Kf7 33. f4
Bf5 34. h4 Kg6 35. Kf2 gxh4 36. gxh4 Be4 37. Kg3 Kf5 38. h5 Bd3 39. Kf3 Bb1 40.
a4 bxa4 41. Bc4 Bc2 42. Bf1 Bd1+ 43. Kg3 Ke4 0-1

[Event "SF Brackel 1 - SK Königsspringer Iserlo"]
[Site "NRW-Klasse. Gruppe 1 2017/201"]
[Date "2018.02.18"]
[Round "6.3"]
[White "Kramps, Rene"]
[Black "Kartsev, Soel"]
[Result "1/2-1/2"]
[WhiteElo "2036"]
[BlackElo "2169"]
[Annotator "Daniel"]
[PlyCount "44"]
[EventDate "2018.??.??"]
[WhiteTeam "SK Königsspringer Iserlohn 1"]
[BlackTeam "SF Brackel 1"]

1. e4 c5 2. b4 cxb4 3. Bb2 d6 4. d4 Nf6 5. Bd3 Nc6 6. Nf3 e6 7. O-O Be7 8. c4
d5 9. e5 Ne4 10. Qe2 Ng5 11. Nbd2 O-O 12. Rad1 a5 13. Nxg5 Bxg5 14. f4 Bh6 15.
cxd5 exd5 16. f5 Qh4 17. g3 Qg5 18. Rf4 Qd8 19. Rh4 $11 Bg5 20. Qh5 h6 21. f6
gxf6 22. Nf3 fxe5 1/2-1/2

[Event "SF Brackel 1 - SK Königsspringer Iserlo"]
[Site "NRW-Klasse. Gruppe 1 2017/201"]
[Date "2018.02.18"]
[Round "6.4"]
[White "Steinmetzer, Thomas"]
[Black "Messarius, Juergen"]
[Result "0-1"]
[WhiteElo "2198"]
[BlackElo "2146"]
[PlyCount "74"]
[EventDate "2018.??.??"]
[WhiteTeam "SF Brackel 1"]
[BlackTeam "SK Königsspringer Iserlohn 1"]

1. e4 c5 2. Nf3 Nc6 3. d4 cxd4 4. Nxd4 Nf6 5. Nc3 e5 6. Ndb5 d6 7. Nd5 Nxd5 8.
exd5 Nb8 9. c4 Be7 10. Bd3 O-O 11. O-O f5 12. f3 a6 13. Nc3 Nd7 14. Be3 Nc5 15.
Bc2 a5 16. a3 Bf6 17. b4 axb4 18. axb4 Rxa1 19. Qxa1 Na6 20. Qa3 Bg5 21. Bf2
Qf6 22. c5 Rd8 23. Rd1 Qh6 24. Qa5 Rf8 25. Nb5 e4 26. fxe4 Be3 27. Qa3 Bxf2+
28. Kxf2 Qxh2 29. e5 f4 30. Be4 f3 31. Bxf3 Bh3 32. Rg1 Bg4 33. Kf1 Rxf3+ 34.
gxf3 Bh3+ 35. Ke1 Qxg1+ 36. Kd2 Qf2+ 37. Kc1 Qf1+ 0-1

[Event "SF Brackel 1 - SK Königsspringer Iserlo"]
[Site "NRW-Klasse. Gruppe 1 2017/201"]
[Date "2018.02.18"]
[Round "6.5"]
[White "Kind, Bertram"]
[Black "Goldschmidt, Christian"]
[Result "1/2-1/2"]
[WhiteElo "2131"]
[BlackElo "2162"]
[PlyCount "73"]
[EventDate "2018.??.??"]
[WhiteTeam "SK Königsspringer Iserlohn 1"]
[BlackTeam "SF Brackel 1"]

1. e4 e5 2. Nf3 Nc6 3. Bc4 Nf6 4. d3 Be7 5. Nc3 d6 6. a3 O-O 7. Be3 Be6 8. Nd5
Na5 9. Ba2 c5 10. Qd2 Nc6 11. Nxf6+ Bxf6 12. Bxe6 fxe6 13. c3 b5 14. O-O Na5
15. Rad1 Nb3 16. Qc2 c4 17. d4 exd4 18. Nxd4 Bxd4 19. Bxd4 Qc7 20. Be3 Rad8 21.
Qe2 Rd7 22. Qg4 Rf6 23. Qh5 Qb8 24. Rfe1 a6 25. h3 Rf8 26. Qg4 Qe8 27. Qg3 Qe7
28. Bf4 e5 29. Be3 Qe6 30. Rd5 Rf6 31. Qg4 Rc7 32. Qxe6+ Rxe6 33. Red1 Rc6 34.
f3 Kf7 35. Kf2 h6 36. Ke2 Ke7 37. Kf2 1/2-1/2

[Event "SF Brackel 1 - SK Königsspringer Iserlo"]
[Site "NRW-Klasse. Gruppe 1 2017/201"]
[Date "2018.02.18"]
[Round "6.6"]
[White "Boehm, Juergen"]
[Black "Franke, Thomas"]
[Result "1/2-1/2"]
[WhiteElo "2172"]
[BlackElo "2070"]
[PlyCount "65"]
[EventDate "2018.??.??"]
[WhiteTeam "SF Brackel 1"]
[BlackTeam "SK Königsspringer Iserlohn 1"]

1. d4 Nf6 2. Bg5 e6 3. e4 h6 4. Bxf6 Qxf6 5. c3 d6 6. Bd3 g6 7. Ne2 e5 8. O-O
Bg7 9. f4 Qe7 10. f5 O-O 11. Qb3 Kh7 12. fxg6+ fxg6 13. Rxf8 Bxf8 14. Na3 Nc6
15. Rf1 Nd8 16. Nc4 Bg7 17. Qc2 Ne6 18. dxe5 dxe5 19. b4 Bd7 20. Ne3 Qg5 21.
Rf3 Rf8 22. Rxf8 Bxf8 23. Nf1 h5 24. Bc4 Qe7 25. Qd3 Qd6 26. Qf3 Ng5 27. Qe3
Qb6 28. Qxb6 axb6 29. Nd2 Bh6 30. Kf1 Kg7 31. Ke1 Nf7 32. Nf3 Be8 33. Bxf7
1/2-1/2

[Event "SF Brackel 1 - SK Königsspringer Iserlo"]
[Site "NRW-Klasse. Gruppe 1 2017/201"]
[Date "2018.02.18"]
[Round "6.7"]
[White "Franz, Christian"]
[Black "Korten, Lando"]
[Result "1-0"]
[WhiteElo "2033"]
[BlackElo "2094"]
[PlyCount "87"]
[EventDate "2018.??.??"]
[WhiteTeam "SK Königsspringer Iserlohn 1"]
[BlackTeam "SF Brackel 1"]

1. Nf3 Nf6 2. d4 g6 3. Bf4 d6 4. Nbd2 Nh5 5. Bg3 Nxg3 6. hxg3 Bg7 7. c3 Nc6 8.
Qb3 e5 9. dxe5 Nxe5 10. Nxe5 Bxe5 11. e3 O-O 12. Nf3 Be6 13. Qc2 Bg7 14. Bd3 a6
15. Rh4 Bf6 16. Rh2 b5 17. Nd4 Bxd4 18. cxd4 c5 19. dxc5 dxc5 20. Ke2 c4 21.
Be4 Ra7 22. Rh4 Rd7 23. Rd1 Rxd1 24. Qxd1 Qxd1+ 25. Kxd1 Rd8+ 26. Kc2 b4 27.
Bb7 Rd7 28. Bxa6 b3+ 29. axb3 cxb3+ 30. Kc3 Rd1 31. Bc4 Bxc4 32. Rxc4 Kf8 33.
Kxb3 Ke7 34. g4 Rg1 35. g3 Rf1 36. Rc2 Kf6 37. Kc3 Kg5 38. b4 Kxg4 39. b5 Rb1
40. Rb2 Rc1+ 41. Kd4 Rc8 42. b6 Kf3 43. b7 Rb8 44. Ke5 1-0

[Event "SF Brackel 1 - SK Königsspringer Iserlo"]
[Site "NRW-Klasse. Gruppe 1 2017/201"]
[Date "2018.02.18"]
[Round "6.8"]
[White "Strathoff, Martin"]
[Black "Marchenko, Dimitrij"]
[Result "1-0"]
[WhiteElo "2032"]
[BlackElo "1642"]
[Annotator "Daniel"]
[PlyCount "119"]
[EventDate "2018.??.??"]
[WhiteTeam "SF Brackel 1"]
[BlackTeam "SK Königsspringer Iserlohn 1"]

1. d4 e6 2. c4 d5 3. Nc3 Be7 4. cxd5 exd5 5. Bf4 Nf6 6. e3 O-O 7. Bd3 c5 8.
Nge2 Nc6 9. h3 cxd4 10. exd4 a6 11. O-O Be6 12. Rc1 Qd7 13. Na4 Rae8 14. a3 b5
15. Nc5 Bxc5 16. dxc5 Rc8 17. a4 Nb4 18. Nd4 Ne4 19. Nxe6 fxe6 $11 20. Be3 Nxd3
21. Qxd3 bxa4 22. Qxa6 d4 23. c6 Qd5 24. Rfd1 dxe3 25. Rxd5 exf2+ 26. Kh2 exd5
27. Qd3 Rfd8 $11 28. g3 Rc7 29. Kg2 h6 30. Qd4 Rf7 31. c7 Rc8 32. Qxd5 Rcxc7
33. Qd8+ Kh7 34. Rf1 a3 35. bxa3 Rc3 36. Qd5 Rxg3+ 37. Kh2 Rf4 38. Qe5 Rgf3 39.
Qd5 Rh4 40. Qe6 Ng5 41. Qe5 Rfxh3+ 42. Kg2 Rf3 43. Rxf2 Rxf2+ $11 44. Kxf2 Re4
45. Qf5+ Kg8 46. Qd7 Rf4+ 47. Kg2 Rf7 48. Qc8+ Kh7 49. a4 h5 50. a5 h4 51. Qg4
h3+ 52. Kg3 Rf1 53. Qh5+ Kg8 54. Qe8+ Kh7 55. Qe3 Kh6 56. a6 Ra1 57. a7 Ra2 58.
Qb6+ g6 59. Qb7 Ra3+ 60. Kf2 1-0

[Event "SG Niederkassel 1 - SF Lieme 1"]
[Site "NRW-Klasse. Gruppe 1 2017/201"]
[Date "2018.02.18"]
[Round "6.1"]
[White "Niermann, Tristan"]
[Black "Wigger, Jochen"]
[Result "1/2-1/2"]
[WhiteElo "2178"]
[BlackElo "2246"]
[PlyCount "135"]
[EventDate "2018.??.??"]
[WhiteTeam "SF Lieme 1"]
[BlackTeam "SG Niederkassel 1"]

1. c4 e5 2. g3 Nc6 3. Bg2 d6 4. Nc3 Be6 5. d3 Qd7 6. Rb1 g6 7. b4 Bg7 8. Nf3 h6
9. O-O f5 10. b5 Nd8 11. Qc2 Ne7 12. a4 O-O 13. Rd1 g5 14. e3 Ng6 15. d4 g4 16.
Ne1 e4 17. Ba3 Bf7 18. c5 Ne6 19. b6 axb6 20. cxd6 Rfc8 21. Qb2 c5 22. Nd5 Rc6
23. Nxb6 Rxb6 24. Qxb6 cxd4 25. exd4 Qxa4 26. Bc5 Ngf8 27. Qxb7 Rd8 28. Bf1
Nxd4 29. Qb4 Qxb4 30. Rxb4 Nc6 31. Bb6 Ra8 32. Rbb1 Nd7 33. Bb5 Nce5 34. Bd4
Bf8 35. Bxe5 Nxe5 36. d7 Rd8 37. Rbc1 Be6 38. Rc8 Rxc8 39. dxc8=Q Bxc8 40. Rd8
Be6 41. Nc2 Kf7 42. Nd4 Be7 43. Nxe6 Kxe6 44. Rh8 Bg5 45. Ba6 Kf7 46. Bb7 e3
47. fxe3 Bxe3+ 48. Kg2 Bg5 49. Ra8 Bf6 50. Ra4 Kg6 51. Bc8 Nf7 52. Ra5 Nd6 53.
Bd7 h5 54. Rd5 Be7 55. Kf1 Kg5 56. Ke2 h4 57. Re5 Bf6 58. Rd5 Be7 59. Ke3 hxg3
60. hxg3 Kg6 61. Kf4 Bg5+ 62. Ke5 Nf7+ 63. Ke6 Nd8+ 64. Ke5 Nf7+ 65. Kd4 Bf6+
66. Kc5 Ne5 67. Be8+ Kg5 68. Rd1 1/2-1/2

[Event "SG Niederkassel 1 - SF Lieme 1"]
[Site "NRW-Klasse. Gruppe 1 2017/201"]
[Date "2018.02.18"]
[Round "6.2"]
[White "Bussard, Christian"]
[Black "Wittke, Rene"]
[Result "1/2-1/2"]
[WhiteElo "2203"]
[BlackElo "2215"]
[PlyCount "102"]
[EventDate "2018.??.??"]
[WhiteTeam "SG Niederkassel 1"]
[BlackTeam "SF Lieme 1"]

1. Nf3 Nf6 2. c4 Nc6 3. d4 e6 4. e3 Bb4+ 5. Nc3 Bxc3+ 6. bxc3 d6 7. Qc2 O-O 8.
Bd3 Re8 9. O-O e5 10. Nd2 Qe7 11. Ne4 Kh8 12. f3 Bd7 13. Bd2 Na5 14. Ng3 c5 15.
d5 h6 16. e4 g5 17. Rae1 Rg8 18. Kh1 Rab8 19. Qc1 Ne8 20. Rg1 Ng7 21. Qc2 Qe8
22. Ne2 b5 23. Qc1 bxc4 24. Bc2 Nh5 25. Qa3 Qd8 26. Rb1 Qc7 27. Ba4 Bxa4 28.
Qxa4 a6 29. g4 Ng7 30. Ng3 Rgc8 31. Rgc1 Rb6 32. Nf1 Qb7 33. Rxb6 Qxb6 34. Ne3
Qb5 35. Qa3 Rb8 36. Rc2 Qb1+ 37. Kg2 Rb5 38. Bc1 Kg8 39. Kf2 Kf8 40. Ke2 h5 41.
h3 hxg4 42. hxg4 Ke7 43. Kd1 Ne8 44. Qa4 Nc7 45. Nxc4 Nxc4 46. Qxc4 Rb8 47. Qf1
Nb5 48. Qd3 Rh8 49. Qf1 Rb8 50. Qd3 Rh8 51. Qf1 Rb8 1/2-1/2

[Event "SG Niederkassel 1 - SF Lieme 1"]
[Site "NRW-Klasse. Gruppe 1 2017/201"]
[Date "2018.02.18"]
[Round "6.4"]
[White "Rybarczyk, Klaus"]
[Black "Wolf, Andre"]
[Result "0-1"]
[WhiteElo "2154"]
[BlackElo "2160"]
[PlyCount "72"]
[EventDate "2018.??.??"]
[WhiteTeam "SG Niederkassel 1"]
[BlackTeam "SF Lieme 1"]

1. c4 Nf6 2. g3 e6 3. Bg2 d5 4. Nf3 c5 5. cxd5 exd5 6. d4 Nc6 7. O-O Be7 8.
dxc5 Bxc5 9. Qc2 Bb6 10. Nc3 O-O 11. Bg5 Be6 12. Rad1 h6 13. Bf4 Qe7 14. Na4
Ba5 15. a3 Rac8 16. Qc5 Qd8 17. Qb5 Qe7 18. Rc1 a6 19. Qd3 Bg4 20. b4 Bd8 21.
Nc5 Re8 22. Rc2 Bb6 23. Nd4 Bxc5 24. bxc5 Nxd4 25. Qxd4 Bf5 26. Bd6 Qe6 27. Rb2
Bh3 28. Bxh3 Qxh3 29. f3 Qe6 30. Rd1 b6 31. Rdd2 bxc5 32. Bxc5 Rc6 33. Kg2 Rec8
34. Ba7 h5 35. Qf4 Qe7 36. Ra2 Qxa7 0-1

[Event "SG Niederkassel 1 - SF Lieme 1"]
[Site "NRW-Klasse. Gruppe 1 2017/201"]
[Date "2018.02.18"]
[Round "6.5"]
[White "Himpenmacher, Andy"]
[Black "Guelsen, Taylan"]
[Result "1-0"]
[WhiteElo "2163"]
[BlackElo "2141"]
[PlyCount "93"]
[EventDate "2018.??.??"]
[WhiteTeam "SF Lieme 1"]
[BlackTeam "SG Niederkassel 1"]

1. e4 e5 2. Nf3 Nc6 3. Bb5 Nf6 4. d3 Bc5 5. c3 d6 6. d4 exd4 7. cxd4 Bb4+ 8.
Kf1 d5 9. e5 Nd7 10. Qb3 Be7 11. Qxd5 Nb4 12. Qb3 c6 13. Bc4 O-O 14. a3 Na6 15.
Be3 Nc7 16. Nc3 Nb6 17. Bd3 Be6 18. Qc2 h6 19. h3 Ncd5 20. Qd2 Nc4 21. Bxc4
Nxe3+ 22. Qxe3 Bxc4+ 23. Kg1 Qb6 24. Kh2 a5 25. Nd2 Be6 26. Na4 Qc7 27. Rac1
Rad8 28. Rhd1 f6 29. f4 fxe5 30. dxe5 g5 31. g3 Kh7 32. Ne4 gxf4 33. gxf4 Bf5
34. Nac3 Rxd1 35. Rxd1 Rg8 36. Ng3 Bc8 37. Nce4 Rf8 38. Nh5 Bf5 39. Qg3 Bd8 40.
Nef6+ Bxf6 41. Nxf6+ Kh8 42. Qh4 Kg7 43. Rg1+ Kf7 44. Qxh6 Ke7 45. Rg7+ Rf7 46.
Rxf7+ Kxf7 47. e6+ 1-0

[Event "SG Niederkassel 1 - SF Lieme 1"]
[Site "NRW-Klasse. Gruppe 1 2017/201"]
[Date "2018.02.18"]
[Round "6.6"]
[White "Broehl, Stephan"]
[Black "Schaffarczyk, Andre"]
[Result "1-0"]
[WhiteElo "2101"]
[BlackElo "2090"]
[PlyCount "63"]
[EventDate "2018.??.??"]
[WhiteTeam "SG Niederkassel 1"]
[BlackTeam "SF Lieme 1"]

1. e4 c5 2. Nf3 d6 3. d4 cxd4 4. Qxd4 Nc6 5. Bb5 Bd7 6. Qd3 Rc8 7. c4 Nf6 8.
Nc3 e6 9. O-O Be7 10. b3 O-O 11. Bb2 a6 12. Bxc6 Bxc6 13. Nd4 Be8 14. Rac1 Qa5
15. Kh1 b5 16. cxb5 axb5 17. Nd5 exd5 18. Rxc8 dxe4 19. Qg3 Bd7 20. Nc6 Bxc6
21. Rxc6 Qxa2 22. Rc2 Qa6 23. Ra1 Qb6 24. Rac1 g6 25. Qg5 Kg7 26. Re1 Qb7 27.
f3 exf3 28. Rf2 h6 29. Qe3 fxg2+ 30. Kg1 Bd8 31. Qf4 Qb6 32. Bxf6+ 1-0

[Event "SG Niederkassel 1 - SF Lieme 1"]
[Site "NRW-Klasse. Gruppe 1 2017/201"]
[Date "2018.02.18"]
[Round "6.7"]
[White "Stork, Holger"]
[Black "Raboese, Richard"]
[Result "1/2-1/2"]
[WhiteElo "2095"]
[BlackElo "1907"]
[PlyCount "71"]
[EventDate "2018.??.??"]
[WhiteTeam "SF Lieme 1"]
[BlackTeam "SG Niederkassel 1"]

1. e4 e5 2. Bc4 Nf6 3. d3 Nc6 4. Nf3 Be7 5. O-O d6 6. Re1 O-O 7. a4 Bd7 8. a5
b6 9. a6 Na5 10. Ba2 c5 11. c3 Nc6 12. Na3 Qc8 13. Bc4 Nb8 14. Bg5 Bc6 15. Nb5
Qd7 16. Qb3 Ne8 17. Bxe7 Qxe7 18. Bd5 Nc7 19. Nxc7 Qxc7 20. d4 Nd7 21. dxe5
dxe5 22. Rad1 Rad8 23. Bxc6 Qxc6 24. Qd5 Qxd5 25. Rxd5 Nb8 26. Rxe5 Rd7 27. Rd5
Rfd8 28. Kf1 f6 29. Rxd7 Rxd7 30. Ra1 Kf7 31. Ke2 Ke6 32. Nd2 Kd6 33. b4 b5 34.
Ra5 cxb4 35. Rxb5 Nxa6 36. cxb4 1/2-1/2